00460nam a22001697a 450000500170000001000150001702000260003203500140005803700090007208200080008110000230008924500550011225000060016726000440017327000460021730000270026320260319121451.0 aENG-148039 a9789352618071c795.00 aEN-131571 bDBAD a921 aPokhriyal, Ramesh  aYug Purush Bharat Ratna Atal ji/cRamesh Pokhriyal a1 aNew Delhi bDiamond Pocket Books c2016 bNew Delhi aX-30, Okhla Ind Area e110020 a544p.c22 cm(pb)bill.